NFL Draft 2007 Quarterbacks Drafted - Statistics

General Stats
  • This quiz has been taken 13 times
  • The average score is 2 of 11
Answer Stats
Round Player Team College % Correct
1 JaMarcus Russell Raiders Louisiana State
92%
1 Brady Quinn Browns Notre Dame
38%
5 Troy Smith Ravens Ohio State
23%
6 Jordan Palmer Redskins Texas-El Paso
8%
2 Kevin Kolb Eagles Houston
8%
2 Drew Stanton Lions Michigan State
0%
4 Isaiah Stanback Cowboys Washington
0%
5 Jeff Rowe Bengals Nevada
0%
2 John Beck Dolphins Brigham Young
0%
3 Trent Edwards Bills Stanford
0%
7 Tyler Thigpen Vikings Coastal Carolina
0%
No matching quizzes found
Score Distribution
Percent of People with Each Score
Percentile by Number Answered
Your Score History
You have not taken this quiz